000 00392nam a2200169Ia 4500
008 230524s9999 xx 000 0 und d
020 _a9788125931393
082 _a3
_bKAL
100 _aS.Kalavathy
245 0 _aOperations Research
250 _a2ND
260 _aNEW DELHI
_bVikas
_c2005
300 _aXV;536
500 _aQuantity Number: 234
650 _aMathematics
942 _cBK
999 _c19253
_d19253